City Parks: (Record no. 3409)

MARC details
000 -LEADER
fixed length control field 01957nam a22002657a 4500
001 - CONTROL NUMBER
control field 3409
003 - CONTROL NUMBER IDENTIFIER
control field FISKH
005 - DATE AND TIME OF LATEST TRANSACTION
control field 20240304092856.0
008 - FIXED-LENGTH DATA ELEMENTS--GENERAL INFORMATION
fixed length control field 240304b cb ||||| |||| 00| 0 eng d
020 ## - INTERNATIONAL STANDARD BOOK NUMBER
International Standard Book Number 9780062231796
040 ## - CATALOGING SOURCE
Original cataloging agency FISKH
Language of cataloging eng
Transcribing agency FISKH
Modifying agency FISKH
050 ## - LIBRARY OF CONGRESS CALL NUMBER
Classification number SB481
082 ## - DEWEY DECIMAL CLASSIFICATION NUMBER
Classification number 712.5
100 ## - MAIN ENTRY--PERSONAL NAME
Personal name Marron, Catie
245 ## - TITLE STATEMENT
Title City Parks:
Remainder of title Public places, private thoughts /
Statement of responsibility, etc. Created and edited by Catie Marron ; Photographs by Oberto Gili
260 ## - PUBLICATION, DISTRIBUTION, ETC.
Place of publication, distribution, etc. New York :
Name of publisher, distributor, etc. Harper Collins,
Date of publication, distribution, etc. 2013.
300 ## - PHYSICAL DESCRIPTION
Extent 304 pages :
Other physical details color illustrations ;
Dimensions 29 cm
520 ## - SUMMARY, ETC.
Summary, etc. Catie Marron's City Parks captures the spirit and beauty of eighteen of the world's most-loved city parks. Zadie Smith, Ian Frazier, Candice Bergen, Colm Tóibín, Nicole Krauss, Jan Morris, and a dozen other remarkable contributors reflect on a particular park that holds special meaning for them. Andrew Sean Greer eloquently paints a portrait of first love in the Presidio; André Aciman muses on time's fleeting nature and the changing face of New York viewed from the High Line; Pico Iyer explores hidden places and privacy in Kyoto; Jonathan Alter takes readers from the 1968 race riots to Obama's 2008 victory speech in Chicago's Grant Park; Simon Winchester invites us along on his adventures in the Maidan; and Bill Clinton writes of his affection for Dumbarton Oaks. Oberto Gili's color and black-and-white photographs unify the writers' unique and personal voices. Taken around the world over the course of a year, in every season, his pictures capture the inherent mood of each place. Fusing images and text, City Parks is an extraordinary and unique project: through personal reflection and intimate detail it taps into collective memory and our sense of time's passage.
650 ## - SUBJECT ADDED ENTRY--TOPICAL TERM
Topical term or geographic name entry element Landscape Architecture
General subdivision Photography
650 ## - SUBJECT ADDED ENTRY--TOPICAL TERM
Topical term or geographic name entry element Parks
650 ## - SUBJECT ADDED ENTRY--TOPICAL TERM
Topical term or geographic name entry element Public Space
700 ## - ADDED ENTRY--PERSONAL NAME
Personal name Gili, Oberto
Relator term Photographer
942 ## - ADDED ENTRY ELEMENTS (KOHA)
Source of classification or shelving scheme Dewey Decimal Classification
Koha item type Books
Suppress in OPAC No
Holdings
Withdrawn status Lost status Source of classification or shelving scheme Damaged status Not for loan Collection Home library Current library Shelving location Date acquired Total Checkouts Full call number Barcode Date last seen Price effective from Koha item type
    Dewey Decimal Classification     Non-Fiction Footprints International School Library Network Toul Kork Campus Footprints International School Library Network Toul Kork Campus   03/04/2024   MAR 712.5 SB481 FISSE00899 03/04/2024 03/04/2024 Books